| Registos Bibliográficos associados ao registo de autoridade |
|
Etiqueta de registo: 00000nam 2200025 450 001 1921520 003 http://id.bnportugal.gov.pt/bib/catbnp/1921520 100 ## $a20160201d2015 k y0pory01030103ba 101 0# $aeng$dpor 102 ## $aPT 105 ## $aa m 001yy 106 ## $ar 200 1# $a An integrated approach to composite enginnering design considering economic, environmental
and mechanical inputs$fBruno Alexandre Rodrigues Simões Soares$gorient. Filipe Galrão dos Reis, Alberto Gonçalves de Sousa 210 #9 $aLisboa$c[s.n.],$d2015 215 ## $aIII, XIV, 201 p.$cil.$d30 cm 320 ## $aBibliografia, 173-179 328 #1 $aTese dout. Leaders for Technical Industries, Instituto Superior Técnico, Univ. de
Lisboa, 2015 675 ## $a620.178(043)$vBN$zpor$31221304 675 ## $a502.17(043)$vBN$zpor$31221073 700 #1 $aSoares,$bBruno Alexandre Rodrigues Simões$31634193 702 #1 $aReis,$bLuís Filipe Galrão dos$4727$3253904 702 #1 $aSousa,$bLuís Alberto Gonçalves de$4727$3114698 801 #0 $aPT$bBN$gRPC 966 ## $lBN$mFGMON$sS.A. 160775 V.$x1
Etiqueta de registo: 00254nam 2200025 450 001 2284679 003 http://id.bnportugal.gov.pt/bib/catbnp/2284679 100 ## $a20260417d2025 k y0pory01030103ba 101 0# $aeng$dpor 102 ## $aPT 105 ## $aa m 000yy 106 ## $ar 200 1# $aAdditive manufacturing of polyetheretherketone (PEEK) for patient-specific implant
(PSI) applications$edevelopments in the mechanical performance and biofunctionalization of 3D-printed
PEEK for the production of load-bearing implantable medical devices$fPedro Miguel Palma Rendas$gorient. Bruno Alexandre Rodrigues Simões Soares, Catarina Isabel Silva Vidal, Lígia
Margarida Jorge de Figueiredo 210 #9 $a[S.l.$cs.n.],$d2025 215 ## $aXXVIII, 254 p.$cil.$d30 cm 328 #1 $aTese dout. Mechanical Engineering, Nova School of Science & Technology, Universidade
Nova de Lisboa, 2025 700 #1 $aRendas,$bPedro Miguel Palma$31996174 702 #1 $aFigueiredo,$bLígia Margarida Jorge de$4727$31718316 702 #1 $aVidal,$bCatarina Isabel Silva$4727$31610493 702 #1 $aSoares,$bBruno Alexandre Rodrigues Simões$4727$31634193 801 #0 $aPT$bBN$gRPC 966 ## $lBN$mFGMON$x1 971 ## $cisantos$d20260417
|
|
|